Discursos / (Registro nro. 14135)

Detalles MARC
000 -LIDER
fixed length control field 01111nam a2200313 a 4500
003 - IDENTIFICACDOR DE NÚMERO DE CONTROL
control field DO-SdBNP
005 - DATE AND TIME OF LATEST TRANSACTION
control field 20241112105321.0
008 - ELEMENTOS DE LONGITUD FIJA
fixed length control field 100824s1983 dr r 000 0 spa d
020 ## - ISBN
International Standard Book Number 8449992613
040 ## - FUENTE DE CATALOGACIÓN
Agencia que crea de manera original el registro DO-SdBNP
Idioma de catalogación spa
Agencia que realiza la transcripción BPMSU
082 #4 - NÚMERO DE CLASIFICACIÓN DECIMAL DE DEWEY
Classification number RD868.44
Item number B171d 1983
Edition number 22
100 1# - ASIENTO PRINCIPAL -- NOMBRE PERSONAL
Nombre personal Balaguer, Joaquín,
Fechas asociadas con el nombre 1906-2002
9 (RLIN) 2
100 z# - ASIENTO PRINCIPAL -- NOMBRE PERSONAL
Nombre personal Balaguer y Ricardo, Joaquín,
Fechas asociadas con el nombre 1906-2002
100 z# - ASIENTO PRINCIPAL -- NOMBRE PERSONAL
Nombre personal Balaguer Ricardo, Joaquín,
Fechas asociadas con el nombre 1906-2002
100 z# - ASIENTO PRINCIPAL -- NOMBRE PERSONAL
Nombre personal Ricardo, Joaquín Balaguer y,
Fechas asociadas con el nombre 1906-2002
245 10 - MENCIÓN DE TITULO
Título Discursos /
Mención de responsabilidad Joaquín Balaguer.
246 13 - VARIACION DEL TÍTULO
Título propiamente dicho o título corto Mensajes al pueblo dominicano
260 ## - PUBLICACIÓN, DISTRIBUCIÓN, ETC. (PIE DE IMPRENTA)
Lugar de publicación, distribución, etc Barcelona :
Nombre del editor, distribuidor, etc. Manuel Pareja,
Fecha de publicación, distribución, etc 1983.
300 ## - DESCRIPCIÓN FÍSICA
Extensión v. ;
Dimensiones 26 cm.
490 0# - MENCIÓN DE SERIES
Mención de serie Discursos,
Volume/sequential designation 7
505 0# - NOTA DE CONTENIDO
Texto normalizado de contenido V. 7 : Mensajes al pueblo dominicano
590 ## - NOTA LOCAL
Texto de la nota local Inventariado, 2024/VM
600 14 - ENCABEZAMIENTO DE MATERIA--NOMBRE PERSONAL
Nombre personal Balaguer, Joaquín,
Fechas asociadas con el nombre 1906-2002
Subdivisión temática general Ensayos, conferencias, etc.
650 #4 - ENCABEZAMIENTO DE MATERIA--TEMÁTICO
Término temático o nombre geográfico como elemento de entrada Discursos presidenciales
Subdivisión geográfica República Dominicana
651 14 - ENCABEZAMIENTO DE MATERIA--NOMBRE GEOGRÁFICO
Nombre geográfico República Dominicana
Subdivisión temática general Política y gobierno
Subdivisión cronológica 1961-
740 ## - ASIENTO SECUNDARIO DE TÍTULOS RELACIONADOS O ANALÍTICOS NO CONTROLADOS
Título analítico o relacionado no controlado Mensajes al pueblo dominicano
910 ## - VALIDACIÓN
Validación VMateo V. Control de calidad BPMSU
942 ## - ADDED ENTRY ELEMENTS (KOHA)
Source of classification or shelving scheme Dewey Decimal Classification
Koha item type Libros
Existencias
Withdrawn status Lost status Source of classification or shelving scheme Damaged status Not for loan Collection code Home library Current library Date acquired Total Checkouts Full call number Barcode Date last seen Copy number Price effective from Koha item type
    Dewey Decimal Classification     Colección Dominicana Biblioteca Pública Metropolitana Salomé Ureña Biblioteca Pública Metropolitana Salomé Ureña 04/01/2022   BPMSU CD RD868.44 B171d 1983 BPMSU22040002 04/01/2022 v.7 04/01/2022 Libros
    Dewey Decimal Classification     Colección Dominicana Biblioteca Pública Metropolitana Salomé Ureña Biblioteca Pública Metropolitana Salomé Ureña 04/01/2022   BPMSU CD RD868.44 B171d 1983 BPMSU24100043 10/30/2024 v.7, e.2 04/01/2022 Libros